El castillo blanco / (Registro nro. 30521)

Detalles MARC
000 -LÍDER
campo de control de longitud fija 01355nam a22002657a 4500
005 - FECHA Y HORA DE LA ÚLTIMA
campo de control 20240208135931.0
008 - ELEMENTOS DE DATOS DE LONGITUD FIJA - INFORMACIÓN GENERAL
campo de control de longitud fija 240208b |||||||| |||| 00| 0 eng d
020 ## - NÚMERO INTERNACIONAL NORMALIZADO DEL LIBRO
Número de libro estándar internacional 9788467225013
037 ## - FUENTE DE ADQUISICIÓN
Materials specified Donación
040 ## - FUENTE DE CATALOGACIÓN
Agencia de catalogación original CO-JMCR
Agencia de transcripción CO-JMCR
Agencia modificadora CO-JMCR
Convenciones de descripción rda
041 ## - CÓDIGO DE IDIOMA
Código de idioma del texto/pista de sonido o título independiente spa
082 ## - NÚMERO DE CLASIFICACIÓN DECIMAL DEWEY
Número de clasificación A-N
Número de artículo PAMc
100 ## - ENTRADA PRINCIPAL - NOMBRE PERSONAL
Término relativo autor
Nombre personal Pamuk, Orhan
9 (RLIN) 43236
245 ## - DECLARACIÓN DEL TÍTULO
Título El castillo blanco /
Declaración de responsabilidad, etc. Orhan Pamuk
250 ## - DECLARACIÓN DE EDICIÓN
Declaración de edición Beyaz Kale
260 ## - PUBLICACIÓN, DISTRIBUCIÓN, ETC.
Lugar de publicación, distribución, etc. Bogotá
Nombre del editor, distribuidor, etc. Circulo de lectores
Fecha de publicación, distribución, etc. 2007
300 ## - DESCRIPCIÓN FÍSICA
Medida 215
Dimensiones 22 cm
520 ## - RESUMEN, ETC.
Resumen, etc En esta impresionante novela histórica, un esclavo veneciano y un erudito turco conviven en el fastuoso imperio otomano del siglo XVII. Un sabio turco, deseoso de conocer los avances científicos de Occidente, compra a un joven científico veneciano que ha sido capturado en las costas mediterráneas. El asombroso parecido físico entre amo y esclavo les permite poner sus muchos talentos e ingenio al servicio del sultán. El castillo blanco es una novela deslumbrante e inteligente sobre el pulso fatídico entre tradición y modernidad.
521 ## - NOTA PARA EL PÚBLICO OBJETIVO
Nota de público objetivo Recomendado para mayores de 18 años
650 ## - ENTRADA AÑADIDA DE ASUNTO - TÉRMINO TEMÁTICO
Fuente del encabezado o término JMCR
-- Novela turca
Subdivisión general Esclavitud en la literatura
Subdivisión cronológica Siglo XX
9 (RLIN) 43237
650 ## - ENTRADA AÑADIDA DE ASUNTO - TÉRMINO TEMÁTICO
Fuente del encabezado o término Cientificos en la literatura
9 (RLIN) 43238
650 ## - ENTRADA AÑADIDA DE ASUNTO - TÉRMINO TEMÁTICO
Fuente del encabezado o término Literatura
Subdivisión geográfica Turca
9 (RLIN) 43239
700 ## - ENTRADA AGREGADA - NOMBRE PERSONAL
Nombre personal Carpintero Ortega, Rafael
Término relativo Traductor
9 (RLIN) 43240
942 ## - ELEMENTOS DE ENTRADA AÑADIDOS (KOHA)
Source of classification or shelving scheme Dewey Decimal Classification
Tipo de artículo Koha Books
999 ## -
-- 30521
-- 16905
Existencias
Estado retirado